| 000 | 01615nam a2200385Ic 4500 | ||
|---|---|---|---|
| 001 | 58057 | ||
| 003 | CO-BoRNBP | ||
| 005 | 20250814221229.0 | ||
| 007 | ta | ||
| 008 | 121119s 2014ck a 000 f und d | ||
| 020 | _a9789588845043 | ||
| 040 |
_aCO-BoRNBP _bspa _erda _cCO-BoRNBP |
||
| 041 | 0 | _aspa | |
| 084 | _aC | ||
| 100 |
_aAristizábal Correa, Susana _eaut _962339 |
||
| 245 | 1 | 3 |
_aUn castillo de libros / _cSusana Aristizábal ; ilustraciones Nel Correa. |
| 250 | _a1a. edición | ||
| 264 | 1 |
_aMedellín, Colombia : _bTragaluz, _c2014 |
|
| 300 |
_a36 páginas sin numeración : _bilustraciones en color |
||
| 336 |
_atexto _btxt _2rdacontent |
||
| 337 |
_asin mediación _bn _2rdamedia |
||
| 338 |
_avolumen _bnc _2rdacarrier |
||
| 490 | 0 | _aLeer en mi cuento | |
| 500 | _aEste documento se desarrolla en el marco del Convenio de Asociación 529 de 2013 "Alianza Público Privada de Impulso y Sostenibilidad de la Política Pública de Primera Infancia | ||
| 500 | _aVersión digital de la página www.manguared.gov.co | ||
| 650 | 0 | 4 |
_aCuentos infantiles colombianos _2LEMB |
| 650 | 0 | 7 |
_aLibros en la literatura _2lemb _962340 |
| 650 | 0 | 7 |
_aLibros ilustrados para niños _2LEMB _92001 |
| 650 | 0 | 4 |
_aLiteratura infantil colombiana _2LEMB _934 |
| 700 |
_aCorrea, Nel _eill _962341 |
||
| 710 | 1 |
_aFundación Taller de Letras Jordi Sierra i Fabra _962342 |
|
| 830 | 0 |
_aDe cero a siempre _aColección para la Primera Infancia del Ministerio de Cultura, Plan Nacional de Lectura y Escritura Leer es mi cuento _962343 |
|
| 856 |
_uhttp://online.anyflip.com/asci/jcjx/ _zAcceso web |
||
| 942 |
_2loc _cLIBELEC |
||
| 999 |
_c58057 _d58057 |
||